Advanced engineering mathematics (Record no. 2354)

000 -LEADER
fixed length control field 00457nam a22001937a 4500
001 - CONTROL NUMBER
control field 2354
003 - CONTROL NUMBER IDENTIFIER
control field BD-DhUET
008 - FIXED-LENGTH DATA ELEMENTS--GENERAL INFORMATION
fixed length control field 140922b xxu||||| |||| 00| 0 eng d
020 ## - INTERNATIONAL STANDARD BOOK NUMBER
International Standard Book Number 8121903459
040 ## - CATALOGING SOURCE
Transcribing agency 0
Modifying agency BD-DhUET
082 ## - DEWEY DECIMAL CLASSIFICATION NUMBER
Classification number 510
Item number DAS/2007
100 ## - MAIN ENTRY--PERSONAL NAME
Personal name Dass, H.K.
245 ## - TITLE STATEMENT
Title Advanced engineering mathematics
250 ## - EDITION STATEMENT
Edition statement 17th Rev. ed.
260 ## - PUBLICATION, DISTRIBUTION, ETC. (IMPRINT)
Place of publication, distribution, etc. Ram Nagar
Name of publisher, distributor, etc. S. Chand.
Date of publication, distribution, etc. 2007
300 ## - PHYSICAL DESCRIPTION
Extent xvi,1274p.
650 #0 - SUBJECT ADDED ENTRY--TOPICAL TERM
Topical term or geographic name as entry element Mathematics
942 ## - ADDED ENTRY ELEMENTS (KOHA)
Koha item type General Book
Holdings
Lost status Price effective from Koha normalized classification for sorting Koha issues (times borrowed) Shelving location Withdrawn status Source of classification or shelving scheme Koha date last borrowed Sublocation or collection (holding branch) Location (home branch) Not for loan Date acquired Koha date last seen Copy number Koha full call number Koha out on loan Koha item type Piece designation (barcode) Damaged status
 2014-09-22510DAS20073Circulation section  2022-11-23Central Library, BUETCentral Library, BUET 2014-09-222023-05-061510/DAS/2007 General Book103924 
 2014-09-22510DAS20076Circulation section  2026-01-13Central Library, BUETCentral Library, BUET 2014-09-222026-01-132510/DAS/20072026-01-27General Book103925 
 2014-09-22510DAS20074Circulation section  2024-12-01Central Library, BUETCentral Library, BUET 2014-09-222025-02-103510/DAS/2007 General Book103927 
 2014-09-22510DAS20073Circulation section  2023-03-22Central Library, BUETCentral Library, BUET 2014-09-222023-06-054510/DAS/2007 General Book103928 
 2014-09-22510DAS20071Circulation section  2014-11-12Central Library, BUETCentral Library, BUET 2014-09-222016-02-245510/DAS/2007 General Book103929 
 2014-09-22510DAS20072Circulation section  2023-01-11Central Library, BUETCentral Library, BUET 2014-09-222023-02-287510/DAS/2007 General Book103931 
 2014-09-22510DAS20073Circulation section  2026-04-15Central Library, BUETCentral Library, BUET 2014-09-222026-04-156510/DAS/20072026-04-29General Book103930 
 2015-01-26510_000000000000000_DAS_20072Circulation section  2019-01-20Central Library, BUETCentral Library, BUET 2015-01-262019-03-318510/DAS/2007 General Book103922 
 2015-09-01510DAS_2007_0000000000000002Circulation section  2025-03-02Central Library, BUETCentral Library, BUET 2015-09-012025-04-079510DAS/2007 General Book103923 
 2017-05-29510_000000000000000_DAS_200711Circulation section  2024-11-24Central Library, BUETCentral Library, BUET 2007-05-282024-11-2410510/DAS/20072024-12-08General Book103926